Peacekeeping and protection of civilians : (Record no. 92718)

MARC details
000 -LEADER
fixed length control field 00930nam a22002417a 4500
005 - DATE AND TIME OF LATEST TRANSACTION
control field 20150520120703.0
010 ## - LCCN (DPL NO)
LC control number ENG-112572
020 ## - INTERNATIONAL STANDARD BOOK NUMBER
International Standard Book Number 9789381904145
Terms of availability 595.00
035 ## - SYSTEM CONTROL NUMBER
System control number EN-96104
037 ## - SOURCE OF ACQUISITION
Source of stock number/acquisition DBAD/PUB
082 ## - DEWEY DECIMAL CLASSIFICATION NUMBER
Classification number 327.1170973
100 ## - MAIN ENTRY--PERSONAL NAME
Personal name Isser, Rajesh
245 00 - TITLE STATEMENT
Title Peacekeeping and protection of civilians :
Statement of responsibility, etc by Rajesh Isser
Remainder of title the Indian Air Force in the Congo /
260 ## - PUBLICATION, DISTRIBUTION, ETC. (IMPRINT)
Place of publication, distribution, etc New Delhi
Name of publisher, distributor, etc KW Publishers
Date of publication, distribution, etc 2012
270 ## - ADDRESS
Address 4676/21, First Floor, Ansari Road, Daryaganj,
City New Delhi
Postal code 110002
300 ## - PHYSICAL DESCRIPTION
Extent vi,234p. :
Dimensions 24cm(Hb)
Other physical details ill.,maps
500 ## - GENERAL NOTE
General note Includes bibliographical references (pages 233-234).
610 ## - SUBJECT ADDED ENTRY--CORPORATE NAME
Corporate name or jurisdiction name as entry element United Nations
General subdivision Peacekeeping forces
Geographic subdivision Congo (Democratic Republic)
610 ## - SUBJECT ADDED ENTRY--CORPORATE NAME
Corporate name or jurisdiction name as entry element India.
Subordinate unit Air Force.
650 ## - SUBJECT ADDED ENTRY--TOPICAL TERM
Topical term or geographic name as entry element Peacekeeping forces
Geographic subdivision Congo (Democratic Republic)
650 ## - SUBJECT ADDED ENTRY--TOPICAL TERM
Topical term or geographic name as entry element Civil defense
Geographic subdivision Congo (Democratic Republic)
942 ## - ADDED ENTRY ELEMENTS (KOHA)
Source of classification or shelving scheme Dewey Decimal Classification
Item type English Books
Call number suffix ISS
Classification part 327.1170973
Holdings
Withdrawn status Lost status Not for loan Collection code Home library Current library Date acquired Source of acquisition Cost, normal purchase price Full call number Barcode Copy number Cost, replacement price Koha item type
    Not For Loan Non-fiction D.B.Act.Division D.B.Act.Division 06/04/2015 DBAD/PUB 595.00 327.1170973 ISS EN-96104 1 595.00 English Books

© Delhi Public Library
Hit Counter
free hit counter